000 00694nam a2200205Ia 4500
003 GCL
008 140319s9999 xx 000 0 ara d
040 _aGCL /
_cGCL
082 0 4 _a001.6425
_bن ك
100 1 _aنلسون , روس
245 1 0 _aكتاب مايكروسوفت لبرمجة المعالجة80386 \ 80486 /
_cنلسون , روس
260 _a[S.N] :
_bدار العربية للعلوم ،
_c1992
300 _a380 ص
490 _a
650 0 4 _aالحاسبات الالكترونية
650 0 4 _aبرمجة الحاسبات
650 0 4 _aبرنامج معالجة الكلمات
650 0 4 _aالحاسبات الالكترونية - برامج
942 _2ddc
_cBK
999 _c39991
_d39991